00471nam a22001451a 4500020000900000040002600009082002100035100002300056245011400079260005700193300001300250600003000263600002900293852000300322 c0.00 aNEGST Library - Kenya aPJ 9023.P47 1993 aParrett, Denise L. aThe switch-reference phenomena in Hadiyya: a labelled deductive system perspectivecDenise L. Parretth[Text] aLondonbSchool of Oriental and African studiesc1993 aiii, 40p aHadiyya Language- Grammar aHadiyya (African people)